00946nam a2200241 i 450000100060000000300090000600500170001500700030003200800410003502000180007608000270009408000260012110000410014724501570018826000780034530000220042349000550044565000410050065100350054171000400057683000550061685200330067115091ES-MaACL20230906151001.0t|991220s1999 sp ||||1| spa d a84-87136-97-4 a347.67(460.288)"15/16" a946.028.8"15/16"(093)1 aGarcía Moratalla, Pedro Joaquín.14aLos testamentos en Albacete a finales del siglo XVI (1588-1600) b: modelo informativo de las fuentes notariales / cPedro Joaquín García Moratalla. aAlbacete : bInstituto de Estudios Albacetenses "Don Juan Manuel",c1999. a208 p. ; c22 cm.1 aSerie 0--Corpus, documenta y bibliografía ; v1014aTestamentos-zAlbacete-yS.XVI-XVII. 4aAlbacete-xHistoria-vFuentes.2 aInstituto de Estudios Albacetenses.0 aSerie 0--Corpus, documenta y bibliografía ; v10 aES-MaACLjL-22341 bR.127679